Statistics for States With the Most Bird Species

Click here to take the quiz!

General Stats

  • This quiz has been taken 835 times
    (220 since last reset)
  • The average score is 7 of 10

Answer Stats

SpeciesState% Correct
709California
96%
673Texas
92%
587Florida
87%
566Arizona
74%
561Alaska
69%
548Oregon
64%
512Washington
64%
558New Mexico
58%
509Colorado
50%
508Massachusetts
15%

Score Distribution

Percentile by Number Answered

Percent of People with Each Score

Your Score History

You have not taken this quiz since the last reset